Word Ladder: Tiny Vampires Quiz Stats

 Plays Quiz Updated Apr 12, 2017

Support Sporcle.
Go Orange.
Score 0/12 Timer 01:00
0 Plays Today
Clue 5-Letter Word % Correct
Sandy shoreBEACH
95.2%
One way to cook eggsPOACH
92.7%
Mario's rescue targetPEACH
92.7%
Team leaderCOACH
91.6%
'Moulin _____'ROUGE
91%
Long furniture pieceCOUCH
90.8%
☣ Bloodsucking worm ☣☣ LEECH ☣
90.2%
Tree typeBEECH
86.8%
Crude, unfinishedROUGH
83.9%
Abrupt exhalationCOUGH
82.8%
Stir from slumberROUSE
76.9%
☣ Adult nit ☣☣ LOUSE ☣
65.9%

Today's Daily Dose

Missing Word
'Y-Z' Pairs

Quick Pick
MCU Directors

You're not logged in!

Compare scores with friends on all Sporcle quizzes.
OR
Log In
Forgot?

From the Vault

Re-Promoted Premier League Clubs

by ArrogantDuck

These teams didn't let relegation get them down.
Remove Ads.
Support Sporcle.
Get the best of Sporcle when you Go Orange. This ad-free experience offers more features, more stats, and more fun while also helping to support Sporcle. Thank you for becoming a member.

Show Comments

Extras

Top Quizzes Today


Score Distribution

Your Account Isn't Verified!

In order to create a playlist on Sporcle, you need to verify the email address you used during registration. Go to your Sporcle Settings to finish the process.

Report this User

Report this user for behavior that violates our Community Guidelines.

Details: